Normal view MARC view

Entry Nombre personal

Number of records used in: 3

001 - NÚMERO DE CONTROL

  • campo de control: 64658

003 - IDENTIFICADOR DE NÚMERO DE CONTROL

  • campo de control: SpMaBN

005 - FECHA Y HORA DE LA ÚLTIMA TRANSACCIÓN

  • campo de control: 20250803034549.0

008 - ELEMENTOS DE DATO DE LONGITUD-FIJA

  • campo de control de longitud fija: 160683nn aijnnaabn a aaa

016 ## - NÚMERO DE CONTROL DE UNA AGENCIA BIBLIOGRÁFICA NACIONAL

  • Número de control del registro: BNE19922209351

024 7# - IDENTIFICADOR DE OTROS ESTÁNDARES

  • Número estándar o código: http://viaf.org/viaf/30202223/
  • Fuente: viaf

024 7# - IDENTIFICADOR DE OTROS ESTÁNDARES

  • Número estándar o código: https://isni.org/isni/0000000116148016
  • Fuente: isni

040 ## - FUENTE DE CATALOGACIÓN

  • Centro catalogador/agencia de origen: SpMaBN
  • Lengua de catalogación: spa
  • Centro/agencia transcriptor: SpMaBN
  • Normas de descripción: rdc
  • Convención/Normas de encabezamiento de materia/tesauro: embne

046 ## - FECHAS CON CODIFICACIÓN ESPECIAL

  • Fecha de nacimiento: 1952

100 1# - ENCABEZAMIENTO-NOMBRE DE PERSONA

  • Nombre de persona: Huici, Fernando,
  • Fechas asociadas al nombre: 1952-

370 ## - LUGAR ASOCIADO

  • Lugar de nacimiento: España, Cataluña, Barcelona (Provincia), Barcelona

374 ## - OCUPACIÓN

  • Ocupación: Críticos de arte

375 ## - GÉNERO/SEXO

  • Género: Masculino

377 ## - IDIOMA ASOCIADO

  • Término de lengua/lenguaje: Español

400 1# - TRAZADO DE VÉASE--NOMBRE DE PERSONA

  • Nombre de persona: Huici March, Fernando,
  • Fechas asociadas al nombre: 1952-

670 ## - FUENTE DE DATOS ENCONTRADOS

  • Cita de la fuente: Benjamín Palencia, 2000
  • Información encontrada: v. port. (Fernando Huici)

670 ## - FUENTE DE DATOS ENCONTRADOS

  • Cita de la fuente: Maruja Mallo, 2008
  • Información encontrada: port. (Fernando Huici March)

670 ## - FUENTE DE DATOS ENCONTRADOS

  • Cita de la fuente: WWW Planeta de Libros, 27-6-2022
  • Información encontrada: (Fernando Huici; Fernando Huici March (Barcelona, 1952). Crítico de arte)https://www.planetadelibros.com/foreign-rights/author/ferna ndo-huici/000030038